Roblox PCD - Pojazdy - Statystyki

Ogólne statystyki
  • Ten quiz został rozwiązany 269 razy
    211 od ostatniego zresetowania
  • Średni wynik to 4 z 59
Statystyki odpowiedzi
Obrazkowy Odpowiedź % Poprawnych
Flat 126p
94%
Reno 9
61%
Erbe 80
15%
Orin Saphire
10%
Majestic E190
8%
Veco Weekly
8%
Beam GC30
7%
Erbe E3
7%
Fort Tranzyt
7%
Beam GC31
6%
Erbe E4
6%
Erbe E6
6%
Flan Tipply
6%
Majestic E500
6%
Orin Course
6%
Orin InSign
6%
Beam A39S
5%
Beam A46
5%
FSA Coret
5%
Majestic Sprinton
5%
Mazer 6
5%
Orin A-Star
5%
Reno Lagoon
5%
Toyama Corona E82
5%
WV Passer B5 FL
5%
Beam A34
4%
Beam A36
4%
Beam A92
4%
Scout Octav II
4%
Sean Lion R
4%
SM Fortew
4%
Stallion GT
4%
WV Gold 6
4%
WV Gold II 1987
4%
WV Kraft
4%
WV Kraft
4%
Beam 330i
3%
Flan Ducatt
3%
Fort Focused
3%
Hanoda Akord
3%
Majestic E190 Evo
3%
Orin Vectron C
3%
Titan Comet
3%
Toyama Corona (2024)
3%
Toyama GS86
3%
WV Passer B8 Alltrack
3%
WV Passer B8 Sedan
3%
WV Tiger
3%
Beam A30 Sport Evo
2%
Erbe RS6 Plus
2%
Ferdinand Carrer
2%
Fiat Ducatt
2%
Orin Vivance
2%
Pezo 406 Marseille Taxi
2%
Wolver Sport Venom 60R
2%
WV Transport
2%
WV Transport T4
2%
WV Transport T4
2%
WV Transport T6
2%
Nie znaleziono quizów pasujących do podanych kryteriów
Rozkład punktacji
Procent ludzi z każdym wynikiem
Percentyl według liczby udzielonych odpowiedzi
Twoja historia wyników
Nie rozwiązałeś tego quizu od ostatniego zresetowania